[Event "ESP tch Segunda División 2014"]
[Site "Linares ESP"]
[Date "2014.08.20"]
[Round "4.4"]
[White "Clement Gomez, Jose A"]
[Black "Alvarez Fernandez, Enrique"]
[Result "1-0"]
[WhiteElo "2381"]
[BlackElo "2355"]
[PlyCount "79"]
[EventDate "2014.08.18"]
[EventType "team-swiss"]
[EventRounds "6"]
[EventCountry "ESP"]
[Source "lmi"]
[SourceDate "2014.08.18"]
[WhiteTeam "C.A. ENRIC VALOR FIGUERAS PACHECO"]
[BlackTeam "REAL GRUPO DE CULTURA COVADONGA"]

1. Nf3 d5 2. c4 dxc4 3. e4 c5 4. Bxc4 Nc6 5. d3 e6 6. O-O Nf6 7. Nc3 Be7 8. a3
O-O 9. Bf4 a6 10. Qe2 b5 11. Ba2 Bb7 12. h3 Qb6 13. e5 Nd7 14. Ne4 Nd4 15. Nxd4
cxd4 16. Bg3 Kh8 17. f4 Bxe4 18. Qxe4 Nc5 19. Qe2 g6 20. Rac1 a5 21. Rc2 a4 22.
Rfc1 Rac8 23. Bf2 Rfd8 24. Be1 Rc6 25. Bb4 Rdc8 26. Qf3 Qd8 27. Be1 Qd7 28. Kh2
R6c7 29. Ba5 Rc6 30. g4 Qa7 31. Bb4 R6c7 32. Qe2 Nb3 33. Bxb3 axb3 34. Rxc7
Rxc7 35. Rxc7 Qxc7 36. Bxe7 Qc2 37. Qg2 Kg7 38. f5 h6 39. fxe6 fxe6 40. Kg3 1-0

[Event "ESP tch Segunda División 2014"]
[Site "Linares ESP"]
[Date "2014.08.20"]
[Round "4.4"]
[White "Fidalgo Fernandez, Javier"]
[Black "Arias Igual, Alejandro"]
[Result "0-1"]
[WhiteElo "2271"]
[BlackElo "2271"]
[PlyCount "76"]
[EventDate "2014.08.18"]
[EventType "team-swiss"]
[EventRounds "6"]
[EventCountry "ESP"]
[Source "lmi"]
[SourceDate "2014.08.18"]
[WhiteTeam "REAL GRUPO DE CULTURA COVADONGA"]
[BlackTeam "C.A. ENRIC VALOR FIGUERAS PACHECO"]

1. e4 c5 2. c3 d5 3. exd5 Qxd5 4. d4 g6 5. Nf3 Bg7 6. Be2 Nf6 7. dxc5 Qxc5 8.
Be3 Qc7 9. Na3 Nc6 10. Qa4 Bd7 11. h3 Nd5 12. Nb5 Qc8 13. Qe4 Nf6 14. Qh4 O-O
15. O-O a6 16. Nbd4 Nd5 17. Bh6 Nxd4 18. Nxd4 e5 19. Nf3 Bxh6 20. Qxh6 f6 21.
Rfd1 Be6 22. Nd2 Nf4 23. Bf1 Bd5 24. Nb3 Qf5 25. Nc5 Rad8 26. g3 b6 27. Rxd5
Rxd5 28. Bc4 Nxh3+ 29. Kg2 Qxf2+ 30. Kxh3 Qxc5 31. Bb3 Rf7 32. Rf1 a5 33. Qh4
Kg7 34. a4 Rf8 35. Bxd5 Qxd5 36. Qg4 Rd8 37. Qe2 Qd7+ 38. Kh4 g5+ 0-1

[Event "ESP tch Segunda División 2014"]
[Site "Linares ESP"]
[Date "2014.08.20"]
[Round "4.4"]
[White "Garcia Ramos, Marcos"]
[Black "Fernandez Torre, Ivan"]
[Result "0-1"]
[WhiteElo "2141"]
[BlackElo "2233"]
[PlyCount "86"]
[EventDate "2014.08.18"]
[EventType "team-swiss"]
[EventRounds "6"]
[EventCountry "ESP"]
[Source "lmi"]
[SourceDate "2014.08.18"]
[WhiteTeam "C.A. ENRIC VALOR FIGUERAS PACHECO"]
[BlackTeam "REAL GRUPO DE CULTURA COVADONGA"]

1. e4 c5 2. Nf3 e6 3. d4 cxd4 4. Nxd4 Qb6 5. Nb3 Qc7 6. Nc3 a6 7. Bd3 Nf6 8.
O-O b5 9. f4 d6 10. Be3 Bb7 11. Qf3 Nbd7 12. Rae1 Be7 13. Kh1 h5 14. Bg1 h4 15.
h3 Nh5 16. Bh2 Qb6 17. Qf2 Qxf2 18. Rxf2 Bd8 19. Nb1 Bb6 20. Rfe2 Ndf6 21. N1d2
Ng4 22. Nf1 Nf2+ 23. Rxf2 Bxf2 24. Re2 Bb6 25. Nbd2 Ke7 26. Nf3 Nf6 27. e5 dxe5
28. Nxe5 Nd7 29. Nxd7 Kxd7 30. Ne3 f5 31. Nf1 Rac8 32. Nd2 g6 33. Nf3 Bxf3 34.
gxf3 Ke7 35. a4 bxa4 36. Bxa6 Rc7 37. Bb5 Ra8 38. Kg2 a3 39. bxa3 Rxa3 40. Bd3
Ra1 41. Bb5 Rc5 42. Bd3 Rc3 43. Bb5 Ra8 0-1

[Event "ESP tch Segunda División 2014"]
[Site "Linares ESP"]
[Date "2014.08.20"]
[Round "4.4"]
[White "Iglesias Leon, Francisco Javier"]
[Black "Sanchez Dengra, Barbara"]
[Result "1-0"]
[WhiteElo "2218"]
[BlackElo "1947"]
[PlyCount "78"]
[EventDate "2014.08.18"]
[EventType "team-swiss"]
[EventRounds "6"]
[EventCountry "ESP"]
[Source "lmi"]
[SourceDate "2014.08.18"]
[WhiteTeam "REAL GRUPO DE CULTURA COVADONGA"]
[BlackTeam "C.A. ENRIC VALOR FIGUERAS PACHECO"]

1. b3 e5 2. Bb2 Nc6 3. Nf3 e4 4. Nd4 Nf6 5. e3 d5 6. d3 Nxd4 7. Bxd4 c6 8. Nd2
Bf5 9. Be2 Bd6 10. g4 Bg6 11. g5 Nd7 12. dxe4 dxe4 13. Bxg7 Rg8 14. Nc4 Bc7 15.
Bc3 Qxg5 16. Nd6+ Bxd6 17. Qxd6 Qc5 18. Qxc5 Nxc5 19. Bf6 Nd7 20. Bh4 f6 21.
O-O-O Ke7 22. Rd2 Bf5 23. Rhd1 Rad8 24. Rd6 Rg6 25. a4 Be6 26. R6d4 Bf5 27. a5
a6 28. Bg3 Rgg8 29. Bd6+ Kf7 30. Bc4+ Kg7 31. Bc7 Rc8 32. Rxd7+ Bxd7 33. Rxd7+
Kg6 34. Bf7+ Kf5 35. Bxg8 Rxg8 36. Rxh7 Kg4 37. Rf7 f5 38. Kd2 Kh4 39. Ke1 Rh8
1-0

[Event "ESP tch Segunda División 2014"]
[Site "Linares ESP"]
[Date "2014.08.20"]
[Round "4.5"]
[White "Garcia Roman, Daniel"]
[Black "Mascaro March, Pedro"]
[Result "1/2-1/2"]
[WhiteElo "2390"]
[BlackElo "2417"]
[PlyCount "145"]
[EventDate "2014.08.18"]
[EventType "team-swiss"]
[EventRounds "6"]
[EventCountry "ESP"]
[Source "lmi"]
[SourceDate "2014.08.18"]
[WhiteTeam "C.A. MISLATA - INFORCHESS.COM"]
[BlackTeam "HOTELAN.COM - BINISSALEM"]

1. d4 Nf6 2. c4 e6 3. Nf3 Bb4+ 4. Nbd2 O-O 5. a3 Be7 6. e3 b6 7. Bd3 Bb7 8. O-O
c5 9. b3 cxd4 10. exd4 d5 11. Qe2 Nc6 12. Bb2 Re8 13. Rad1 Bf8 14. Qe3 g6 15.
Ne5 Nxe5 16. dxe5 Nd7 17. cxd5 exd5 18. Bb5 Re7 19. Bxd7 Qxd7 20. Ne4 Bg7 21.
Qf4 dxe4 22. Rxd7 Rxd7 23. e6 fxe6 24. Bxg7 Rxg7 25. Rc1 Rf8 26. Qe5 Bd5 27. b4
Rgf7 28. Rc7 Rxc7 29. Qxc7 Rf7 30. Qb8+ Kg7 31. Qe5+ Kg8 32. Qb8+ Kg7 33. Qe5+
Kg8 34. h3 h6 35. Kf1 Kh7 36. Ke2 Kg8 37. Ke3 Kh7 38. h4 h5 39. a4 Kg8 40. a5
bxa5 41. bxa5 Kh7 42. Qg5 Rb7 43. Qf6 Rg7 44. a6 Kg8 45. g3 Kh7 46. Kf4 Kg8 47.
Ke5 Kh7 48. Kd6 Kg8 49. Qd8+ Kh7 50. Qf6 Kg8 51. Qd8+ Kh7 52. Qf8 Rg8 53. Qf7+
Rg7 54. Qf4 Rg8 55. Qf7+ Rg7 56. Qf4 Rg8 57. Kc7 Rg7+ 58. Kb8 Kg8 59. Qf6 Bc4
60. Qd4 Bd5 61. Qf6 Bc4 62. Qd4 Bd5 63. Kc8 Rf7 64. Kd8 Bc6 65. Qc5 Bd5 66. Ke8
Kg7 67. Qd4+ Kg8 68. Qc5 Kg7 69. Qd4+ Kg8 70. Qb2 Bc6+ 71. Kd8 Bd5 72. Ke8 Bc6+
73. Kd8 1/2-1/2

[Event "ESP tch Segunda División 2014"]
[Site "Linares ESP"]
[Date "2014.08.20"]
[Round "4.5"]
[White "Ivanov, Jordan"]
[Black "Bas Mas, Jose Joaquin"]
[Result "0-1"]
[WhiteElo "2359"]
[BlackElo "2278"]
[PlyCount "120"]
[EventDate "2014.08.18"]
[EventType "team-swiss"]
[EventRounds "6"]
[EventCountry "ESP"]
[Source "lmi"]
[SourceDate "2014.08.18"]
[WhiteTeam "HOTELAN.COM - BINISSALEM"]
[BlackTeam "C.A. MISLATA - INFORCHESS.COM"]

1. Nf3 Nf6 2. c4 e6 3. Nc3 d5 4. d4 Nbd7 5. Bf4 dxc4 6. e3 a6 7. a4 Bd6 8. Bxc4
Bxf4 9. exf4 Nb6 10. Bb3 O-O 11. O-O Qd6 12. g3 Bd7 13. Ne5 Rad8 14. Qf3 Bc8
15. a5 Nbd7 16. Rfd1 c5 17. Nc4 Qc7 18. d5 exd5 19. Nxd5 Nxd5 20. Qxd5 Nf6 21.
Qe5 Qc6 22. Rd6 Rxd6 23. Qxd6 Qb5 24. Qb6 Be6 25. Qxb5 axb5 26. Nd2 c4 27. Bc2
Rd8 28. Ne4 Rd4 29. Re1 Kf8 30. f5 Bd5 31. f3 Bxe4 32. fxe4 Rd2 33. Rc1 Ng4 34.
e5 Nxe5 35. Be4 Rd7 36. Kf1 Ke7 37. Ke2 Nd3 38. Rb1 Nc5 39. Bc2 Kf6 40. b3 Ke5
41. bxc4 bxc4 42. Ke3 c3 43. Rb5 Kd5 44. f6 gxf6 45. Bxh7 Kc4 46. Rb6 Re7+ 47.
Kf3 Ne6 48. h4 Nd4+ 49. Kf4 f5 50. Rb1 c2 51. Rf1 Ne2+ 52. Kg5 c1=Q+ 53. Rxc1+
Nxc1 54. Bxf5 Ne2 55. g4 Nd4 56. h5 Kd5 57. Kf6 Nxf5 58. Kxf5 Re1 59. Kf6 Rf1+
60. Kg7 Rg1 0-1

[Event "ESP tch Segunda División 2014"]
[Site "Linares ESP"]
[Date "2014.08.20"]
[Round "4.5"]
[White "Nadal Marti, Bernardo Pedro"]
[Black "Jordan Arenas, Manuel"]
[Result "0-1"]
[WhiteElo "1932"]
[BlackElo "2148"]
[PlyCount "42"]
[EventDate "2014.08.18"]
[EventType "team-swiss"]
[EventRounds "6"]
[EventCountry "ESP"]
[Source "lmi"]
[SourceDate "2014.08.18"]
[WhiteTeam "HOTELAN.COM - BINISSALEM"]
[BlackTeam "C.A. MISLATA - INFORCHESS.COM"]

1. d4 Nf6 2. c4 e6 3. Nf3 d5 4. Nc3 dxc4 5. e3 a6 6. Bxc4 b5 7. Bb3 Bb7 8. O-O
c5 9. dxc5 Nbd7 10. c6 Bxc6 11. Bc2 Be7 12. b3 Qc7 13. Bb2 Ne5 14. Nxe5 Qxe5
15. Qe2 b4 16. Nd1 Qd5 17. Qf3 Qxf3 18. gxf3 Bxf3 19. a3 Rc8 20. Bd3 Rc5 21.
Bc1 Bf8 0-1

[Event "ESP tch Segunda División 2014"]
[Site "Linares ESP"]
[Date "2014.08.20"]
[Round "4.5"]
[White "Navarrete Espi, Samuel"]
[Black "Diaz Nuñez, Adolfo"]
[Result "1-0"]
[WhiteElo "2245"]
[BlackElo "2253"]
[PlyCount "144"]
[EventDate "2014.08.18"]
[EventType "team-swiss"]
[EventRounds "6"]
[EventCountry "ESP"]
[Source "lmi"]
[SourceDate "2014.08.18"]
[WhiteTeam "C.A. MISLATA - INFORCHESS.COM"]
[BlackTeam "HOTELAN.COM - BINISSALEM"]

1. e4 c6 2. d4 d5 3. Nc3 dxe4 4. Nxe4 Bf5 5. Ng3 Bg6 6. h4 h6 7. Nf3 Nd7 8. h5
Bh7 9. Bd3 Bxd3 10. Qxd3 e6 11. Bd2 Ngf6 12. O-O-O Be7 13. Ne4 Nxe4 14. Qxe4
Nf6 15. Qd3 Ng4 16. Qe2 Qb6 17. Ne5 Nxe5 18. dxe5 Qb5 19. Qxb5 cxb5 20. Be3 b6
21. Rd3 Rc8 22. Rhd1 Rc7 23. Rb3 b4 24. Bd2 Rc4 25. Rd3 O-O 26. Rd7 Bc5 27. f3
a5 28. g3 Bf2 29. Bf4 Rfc8 30. R7d2 Bc5 31. Rd8+ Bf8 32. Rxc8 Rxc8 33. Be3 Bc5
34. Bxc5 Rxc5 35. Rd8+ Kh7 36. f4 g5 37. hxg6+ Kxg6 38. Rd7 h5 39. Kd2 f6 40.
exf6 Kxf6 41. Kd3 Kf5 42. Rb7 Kg4 43. Rg7+ Kf3 44. Rg5 Rc6 45. c3 bxc3 46. bxc3
a4 47. c4 h4 48. gxh4 Kxf4 49. Rg6 Kf5 50. h5 Rc7 51. Rh6 Rg7 52. Kc3 Rg2 53.
a3 Rh2 54. Kb4 Rh4 55. Kb5 e5 56. Rh8 Kg5 57. Re8 Kf5 58. Rh8 Kg5 59. Rb8 Rxh5
60. Kxb6 Rh3 61. Kc5 Kf4 62. Rf8+ Ke3 63. Kd5 e4 64. c5 Kd3 65. c6 Rh5+ 66. Kd6
Rh6+ 67. Kd7 e3 68. c7 Rh7+ 69. Kd8 Rxc7 70. Kxc7 e2 71. Re8 Kc4 72. Rxe2 Kd5
1-0

[Event "ESP tch Segunda División 2014"]
[Site "Linares ESP"]
[Date "2014.08.20"]
[Round "4.6"]
[White "Cruz Lledo, Pablo"]
[Black "Galindo Rodriguez, Francisco"]
[Result "0-1"]
[WhiteElo "2371"]
[BlackElo "2235"]
[PlyCount "114"]
[EventDate "2014.08.18"]
[EventType "team-swiss"]
[EventRounds "6"]
[EventCountry "ESP"]
[Source "lmi"]
[SourceDate "2014.08.18"]
[WhiteTeam "C.A. ALZIRA"]
[BlackTeam "REVERTE ALBOX"]

1. d4 Nf6 2. Nc3 d5 3. Bf4 c6 4. e3 g6 5. Bd3 Bg7 6. h3 Nbd7 7. Nf3 O-O 8. Qd2
Re8 9. O-O-O b5 10. Ne5 Bb7 11. f3 a6 12. e4 c5 13. Nxd5 Nxd5 14. exd5 cxd4 15.
Nc6 Bxc6 16. dxc6 Nc5 17. Kb1 Rc8 18. c7 Qd7 19. h4 e5 20. Bh6 Bh8 21. c3 dxc3
22. Qxc3 Qxc7 23. Be4 Nxe4 24. Qxc7 Rxc7 25. fxe4 Bg7 26. Bxg7 Kxg7 27. Rd6 Rc4
28. Re1 Ra8 29. g4 Ra7 30. g5 h6 31. Rd5 hxg5 32. hxg5 Rd4 33. Rxe5 Rad7 34. a3
Rd2 35. Ka2 Rf2 36. Rd5 Rxd5 37. exd5 Rf5 38. Rd1 Kf8 39. Kb3 Ke7 40. Kb4 Kd6
41. Ka5 Rxg5 42. Kxa6 Rxd5 43. Re1 g5 44. b4 g4 45. a4 bxa4 46. b5 a3 47. b6
Rd2 48. b7 Rb2 49. Ka7 f5 50. Kb8 g3 51. Kc8 Rxb7 52. Kxb7 f4 53. Kb6 f3 54.
Ka5 g2 55. Rg1 a2 56. Kb4 a1=Q 57. Rxa1 Ke5 0-1

[Event "ESP tch Segunda División 2014"]
[Site "Linares ESP"]
[Date "2014.08.20"]
[Round "4.6"]
[White "Ortiz Aviles, Javier"]
[Black "Sanchez Saez, Francisco"]
[Result "0-1"]
[WhiteElo "2071"]
[BlackElo "2319"]
[PlyCount "76"]
[EventDate "2014.08.18"]
[EventType "team-swiss"]
[EventRounds "6"]
[EventCountry "ESP"]
[Source "lmi"]
[SourceDate "2014.08.18"]
[WhiteTeam "REVERTE ALBOX"]
[BlackTeam "C.A. ALZIRA"]

1. d4 g6 2. Nf3 Nf6 3. Bf4 Bg7 4. h3 O-O 5. e3 d6 6. Be2 Nbd7 7. O-O c5 8. Bh2
Qb6 9. Nbd2 Qc7 10. c3 b6 11. a4 a6 12. Ng5 Bb7 13. Bf3 Rab8 14. Nge4 b5 15.
axb5 axb5 16. Qb3 Qb6 17. Rfd1 c4 18. Nxf6+ Bxf6 19. Qc2 Bxf3 20. Nxf3 Bg7 21.
Ra2 Ra8 22. Rda1 Rxa2 23. Rxa2 Nf6 24. Nd2 Rc8 25. Bg3 Nd5 26. e4 b4 27. Nxc4
b3 28. Nxb6 bxc2 29. Nxc8 c1=Q+ 30. Kh2 Nf4 31. Nxe7+ Kf8 32. Nd5 Bh6 33. Ra8+
Kg7 34. Nxf4 Bxf4 35. Rb8 h5 36. f3 Be3 37. Bxd6 Qg1+ 38. Kg3 Qe1+ 0-1

[Event "ESP tch Segunda División 2014"]
[Site "Linares ESP"]
[Date "2014.08.20"]
[Round "4.6"]
[White "Perez Beltran, Jose Maria"]
[Black "Ribera Cebolla, Marc"]
[Result "1/2-1/2"]
[WhiteElo "1697"]
[BlackElo "2059"]
[PlyCount "72"]
[EventDate "2014.08.18"]
[EventType "team-swiss"]
[EventRounds "6"]
[EventCountry "ESP"]
[Source "lmi"]
[SourceDate "2014.08.18"]
[WhiteTeam "REVERTE ALBOX"]
[BlackTeam "C.A. ALZIRA"]

1. e4 c5 2. d4 cxd4 3. c3 d5 4. exd5 Qxd5 5. cxd4 Nc6 6. Nf3 Nf6 7. Nc3 Qa5 8.
Bd2 Qd8 9. Bb5 Bd7 10. O-O e6 11. Bg5 a6 12. Ba4 b5 13. Bb3 Na5 14. d5 Nxb3 15.
axb3 h6 16. Bh4 g5 17. Bg3 b4 18. dxe6 Bxe6 19. Qxd8+ Rxd8 20. Ne2 Ne4 21. Ned4
Nxg3 22. hxg3 Rd6 23. Rfe1 Be7 24. Re4 O-O 25. Rae1 Bf6 26. Nxe6 Rxe6 27. Rxe6
fxe6 28. Rxe6 Kg7 29. Rxa6 Bxb2 30. Ne1 Rd8 31. Nc2 Rd1+ 32. Kh2 Rd2 33. Nxb4
Bc3 34. Nc6 Rxf2 35. Nb4 g4 36. Ra1 Be5 1/2-1/2

[Event "ESP tch Segunda División 2014"]
[Site "Linares ESP"]
[Date "2014.08.20"]
[Round "4.6"]
[White "Rubio Tent, Francisco"]
[Black "Rubio Tapia, Jose Juan"]
[Result "0-1"]
[WhiteElo "2223"]
[BlackElo "2060"]
[PlyCount "122"]
[EventDate "2014.08.18"]
[EventType "team-swiss"]
[EventRounds "6"]
[EventCountry "ESP"]
[Source "lmi"]
[SourceDate "2014.08.18"]
[WhiteTeam "C.A. ALZIRA"]
[BlackTeam "REVERTE ALBOX"]

1. e4 e5 2. Nf3 Nf6 3. Nxe5 d6 4. Nf3 Nxe4 5. Nc3 Nf6 6. d4 Be7 7. Bg5 Bg4 8.
h3 Bh5 9. Be2 Nbd7 10. Qd2 h6 11. Bf4 Nb6 12. Bh2 Nbd5 13. Nxd5 Nxd5 14. Bc4
Nb6 15. Bd3 O-O 16. Bf4 Bf6 17. O-O-O Bg6 18. g4 Nd5 19. Bh2 Bxd3 20. Qxd3 Qd7
21. Rhg1 Ne7 22. Bf4 Ng6 23. Bd2 Nh4 24. Nxh4 Bxh4 25. g5 Bxg5 26. Bxg5 hxg5
27. Rxg5 f5 28. Rdg1 Rf7 29. Qg3 Re8 30. b3 Re4 31. Qd3 d5 32. Kb2 Qe7 33. Rg6
c6 34. Rh1 Qh4 35. Rhg1 Qxf2 36. Rd1 f4 37. Rgg1 Qe2 38. Qc3 f3 39. Rge1 Qg2
40. Rg1 Qxh3 41. Rh1 Qe6 42. Rdf1 Qf6 43. Rd1 Qf4 44. Rd2 Qf5 45. Rdh2 Kf8 46.
Rh8+ Ke7 47. Qb4+ Kf6 48. Qd6+ Qe6 49. Qd8+ Qe7 50. Qb8 Qc7 51. Qg8 f2 52. R8h3
Qf4 53. Rf1 Re1 54. Qd8+ Kg6 55. Rhh1 Qxd4+ 56. Ka3 Qc5+ 57. Kb2 Re2 58. Rc1
f1=Q 59. Rhxf1 Rxf1 60. Rxf1 Qxc2+ 61. Ka3 Qc5+ 0-1

[Event "ESP tch Segunda División 2014"]
[Site "Linares ESP"]
[Date "2014.08.20"]
[Round "4.7"]
[White "Cervello Tost, Ferran"]
[Black "Cordon Gutierrez, Juan Pedro"]
[Result "1/2-1/2"]
[WhiteElo "2141"]
[BlackElo "2195"]
[PlyCount "60"]
[EventDate "2014.08.18"]
[EventType "team-swiss"]
[EventRounds "6"]
[EventCountry "ESP"]
[Source "lmi"]
[SourceDate "2014.08.18"]
[WhiteTeam "PEONA I PEO, CLUB D'ESCACS"]
[BlackTeam "SHAHMAT (SANLUCAR DE BARRAMEDA - CADIZ)"]

1. d4 Nf6 2. Nf3 e6 3. g3 d5 4. Bg2 Be7 5. O-O O-O 6. c4 c6 7. Nc3 b6 8. b3 Bb7
9. Bb2 Nbd7 10. Rc1 dxc4 11. bxc4 c5 12. d5 exd5 13. cxd5 Ne8 14. e4 Bf6 15.
Re1 Ne5 16. Nxe5 Bxe5 17. Na4 f6 18. f4 Bxb2 19. Nxb2 Nd6 20. e5 fxe5 21. fxe5
Nf5 22. Be4 Nd4 23. Qh5 g6 24. Bxg6 hxg6 25. Qxg6+ Kh8 26. Qh6+ Kg8 27. Qg6+
Kh8 28. Qh6+ Kg8 29. Qg6+ Kh8 30. Qh6+ Kg8 1/2-1/2

[Event "ESP tch Segunda División 2014"]
[Site "Linares ESP"]
[Date "2014.08.20"]
[Round "4.7"]
[White "Matnadze, Ana"]
[Black "Fernandez Garcia, Jose Miguel"]
[Result "1-0"]
[WhiteElo "2385"]
[BlackElo "2353"]
[PlyCount "81"]
[EventDate "2014.08.18"]
[EventType "team-swiss"]
[EventRounds "6"]
[EventCountry "ESP"]
[Source "lmi"]
[SourceDate "2014.08.18"]
[WhiteTeam "PEONA I PEO, CLUB D'ESCACS"]
[BlackTeam "SHAHMAT (SANLUCAR DE BARRAMEDA - CADIZ)"]

1. d4 c5 2. Nf3 Nf6 3. g3 g6 4. Bg2 Bg7 5. O-O O-O 6. d5 d6 7. a4 Bf5 8. c4 Qc8
9. Re1 Na6 10. Nc3 Nb4 11. e4 Bh3 12. Bf4 Nh5 13. Bg5 Re8 14. Qd2 Bxg2 15. Kxg2
a6 16. h3 e5 17. dxe6 Qxe6 18. Nd5 Rac8 19. Rad1 f6 20. Be3 Bf8 21. g4 Ng7 22.
Bh6 Qf7 23. Nxb4 cxb4 24. Bxg7 Kxg7 25. b3 b5 26. axb5 axb5 27. cxb5 Rc3 28.
Nd4 Re5 29. f4 Rec5 30. Qe2 Kg8 31. Rd2 h5 32. Ra1 Qb7 33. Rda2 hxg4 34. Ra7
gxh3+ 35. Kh2 Qc8 36. Ra8 Rc2 37. Nxc2 Rxc2 38. Rxc8 Rxe2+ 39. Kxh3 Re3+ 40.
Kg2 Kf7 41. Ra7+ 1-0

[Event "ESP tch Segunda División 2014"]
[Site "Linares ESP"]
[Date "2014.08.20"]
[Round "4.7"]
[White "Santos Izquierdo, Francisco Javier"]
[Black "Capellades Subirana, Marc"]
[Result "0-1"]
[WhiteElo "2236"]
[BlackElo "2188"]
[PlyCount "132"]
[EventDate "2014.08.18"]
[EventType "team-swiss"]
[EventRounds "6"]
[EventCountry "ESP"]
[Source "lmi"]
[SourceDate "2014.08.18"]
[WhiteTeam "SHAHMAT (SANLUCAR DE BARRAMEDA - CADIZ)"]
[BlackTeam "PEONA I PEO, CLUB D'ESCACS"]

1. c4 e6 2. g3 c6 3. Nf3 d5 4. Bg2 Nf6 5. O-O Be7 6. d4 O-O 7. Qc2 Nbd7 8. b3
b6 9. Nbd2 Bb7 10. e4 dxe4 11. Nxe4 Nxe4 12. Qxe4 Nf6 13. Qe2 c5 14. Bb2 cxd4
15. Rad1 Bc5 16. Nxd4 Bxg2 17. Kxg2 Qe7 18. Rd3 Rfe8 19. Nc6 Qb7 20. Qf3 Rac8
21. Ne5 Qxf3+ 22. Kxf3 Kf8 23. Rfd1 Be7 24. Ke2 Rc7 25. f4 Rb8 26. g4 Rbb7 27.
g5 Nh5 28. Kf3 f6 29. gxf6 gxf6 30. Kg4 fxe5 31. Kxh5 exf4 32. Rf1 Rc5+ 33. Kg4
Rg5+ 34. Kf3 b5 35. Rc1 Rh5 36. Rd2 bxc4 37. Rxc4 e5 38. Ke4 Bf6 39. Rdc2 f3
40. Kxf3 Rf7 41. Ke4 Rd7 42. Rc8+ Kf7 43. R8c7 Rxc7 44. Rxc7+ Kg6 45. Rxa7 Rxh2
46. Bc3 h5 47. a4 Re2+ 48. Kd3 Ra2 49. Ke4 h4 50. Rd7 h3 51. Rd3 Re2+ 52. Kd5
h2 53. Rh3 Re3 54. Rxh2 Rxc3 55. Rb2 Rd3+ 56. Ke4 Rd4+ 57. Ke3 Rb4 58. a5 Kf5
59. Rf2+ Ke6 60. Rb2 Rb5 61. Ra2 Rxb3+ 62. Ke4 Rb4+ 63. Ke3 Rb3+ 64. Ke4 Bg5
65. Ra1 Rg3 66. Rh1 Rg2 0-1

[Event "ESP tch Segunda División 2014"]
[Site "Linares ESP"]
[Date "2014.08.20"]
[Round "4.7"]
[White "Urbina Perez, Juan Antonio"]
[Black "Corriguelas Armillas, Frederic"]
[Result "1-0"]
[WhiteElo "2171"]
[BlackElo "2035"]
[PlyCount "91"]
[EventDate "2014.08.18"]
[EventType "team-swiss"]
[EventRounds "6"]
[EventCountry "ESP"]
[Source "lmi"]
[SourceDate "2014.08.18"]
[WhiteTeam "SHAHMAT (SANLUCAR DE BARRAMEDA - CADIZ)"]
[BlackTeam "PEONA I PEO, CLUB D'ESCACS"]

1. e4 c5 2. Nf3 Nc6 3. Bb5 d6 4. d4 cxd4 5. Qxd4 Bd7 6. Bxc6 Bxc6 7. Nc3 h6 8.
Be3 Nf6 9. O-O-O e6 10. Rhg1 Be7 11. g4 d5 12. Ne5 Qa5 13. exd5 Bxd5 14. Nxd5
Nxd5 15. Kb1 O-O 16. g5 Nxe3 17. Qxe3 hxg5 18. h4 Rfd8 19. Rxd8+ Rxd8 20. hxg5
Qd2 21. Qf3 f5 22. gxf6 Bxf6 23. Nd3 Rxd3 24. Qxd3 Qxf2 25. Rd1 Qb6 26. c3 Qc6
27. Qd7 Qe4+ 28. Qd3 Qc6 29. a3 a5 30. Qd7 Qe4+ 31. Ka2 Qc4+ 32. Ka1 Qc6 33.
Qxc6 bxc6 34. Kb1 Kf7 35. Kc2 Ke7 36. b4 axb4 37. cxb4 Be5 38. a4 Bc7 39. a5 g5
40. Ra1 Bb8 41. Kd3 Kf6 42. Ke4 e5 43. Rc1 g4 44. Rxc6+ Kg5 45. Rc8 Bd6 46. a6
1-0

[Event "ESP tch Segunda División 2014"]
[Site "Linares ESP"]
[Date "2014.08.20"]
[Round "4.8"]
[White "Cubero Ferreiro, Rodrigo"]
[Black "Renilla Merchan, Andres"]
[Result "1-0"]
[WhiteElo "2109"]
[BlackElo "1866"]
[PlyCount "95"]
[EventDate "2014.08.18"]
[EventType "team-swiss"]
[EventRounds "6"]
[EventCountry "ESP"]
[Source "lmi"]
[SourceDate "2014.08.18"]
[WhiteTeam "CIRCULO FERROLANO DE AJEDREZ"]
[BlackTeam "CLUB AJEDREZ SALCEDO PIELAGOS"]

1. e4 d5 2. exd5 Qxd5 3. Nc3 Qe5+ 4. Be2 c6 5. d4 Qc7 6. Bf3 Nf6 7. Nge2 e6 8.
O-O Bd6 9. g3 O-O 10. Ne4 Nxe4 11. Bxe4 e5 12. dxe5 Bxe5 13. Nf4 Nd7 14. Re1
Nf6 15. Bf3 Bf5 16. c3 Rad8 17. Qa4 a6 18. Nh5 Nxh5 19. Bxh5 Bf6 20. Be3 Rd5
21. Be2 Rfd8 22. Qb3 c5 23. Bf3 R5d7 24. Rad1 Rxd1 25. Rxd1 Rxd1+ 26. Qxd1 Be6
27. Qa4 g6 28. Qe8+ Kg7 29. Bf4 Be5 30. Bg5 Qb8 31. Qxb8 Bxb8 32. Bxb7 Bxa2 33.
Be7 Bc4 34. Bxc5 Kf6 35. f4 Bc7 36. Kf2 Ke6 37. Ke3 a5 38. Kd4 Bb5 39. Bd5+ Kf6
40. c4 Bd7 41. Bf8 h5 42. c5 h4 43. Bd6 Bxd6 44. cxd6 hxg3 45. hxg3 Kg7 46. Kc5
Kf8 47. Kb6 a4 48. Kc7 1-0

[Event "ESP tch Segunda División 2014"]
[Site "Linares ESP"]
[Date "2014.08.20"]
[Round "4.8"]
[White "Perez Mauricio, Xoel"]
[Black "Mate Adan, Carlos"]
[Result "1/2-1/2"]
[WhiteElo "2226"]
[BlackElo "2267"]
[PlyCount "89"]
[EventDate "2014.08.18"]
[EventType "team-swiss"]
[EventRounds "6"]
[EventCountry "ESP"]
[Source "lmi"]
[SourceDate "2014.08.18"]
[WhiteTeam "CIRCULO FERROLANO DE AJEDREZ"]
[BlackTeam "CLUB AJEDREZ SALCEDO PIELAGOS"]

1. Nf3 Nc6 2. d4 d5 3. Bf4 Bg4 4. e3 e6 5. c4 Bd6 6. Bxd6 Qxd6 7. cxd5 exd5 8.
Be2 Nge7 9. Nc3 O-O 10. O-O Nd8 11. Nb5 Qb6 12. Ne5 Bxe2 13. Qxe2 c6 14. Nc3
Qc7 15. b4 Ne6 16. Rfc1 a6 17. a4 Qd6 18. Rab1 Rfc8 19. g3 Rc7 20. Nd3 g6 21.
Qd1 Nf5 22. b5 cxb5 23. axb5 Rac8 24. Ne2 a5 25. b6 Rc4 26. Ne5 Rxc1 27. Nxc1
Qa3 28. Ned3 Rc3 29. Rb3 Qa4 30. Kg2 Nd6 31. Nc5 Nxc5 32. dxc5 Rxc5 33. Ne2 Rb5
34. Nd4 Rxb3 35. Nxb3 Nc4 36. Qxd5 Qxb3 37. Qd8+ Kg7 38. Qd4+ f6 39. Qd7+ Kh6
40. Qh3+ Kg7 41. Qd7+ Kh6 42. Kg1 Qa4 43. Qxb7 Qb3 44. Qc8 Nd6 45. Qc5 1/2-1/2

[Event "ESP tch Segunda División 2014"]
[Site "Linares ESP"]
[Date "2014.08.20"]
[Round "4.8"]
[White "Roqueni Canal, Ramon"]
[Black "Mejuto de Ulloa, Jorge"]
[Result "1-0"]
[WhiteElo "2033"]
[BlackElo "2112"]
[PlyCount "50"]
[EventDate "2014.08.18"]
[EventType "team-swiss"]
[EventRounds "6"]
[EventCountry "ESP"]
[Source "lmi"]
[SourceDate "2014.08.18"]
[WhiteTeam "CLUB AJEDREZ SALCEDO PIELAGOS"]
[BlackTeam "CIRCULO FERROLANO DE AJEDREZ"]

1. e4 c5 2. Nc3 Nc6 3. g3 g6 4. Bg2 Bg7 5. d3 d6 6. f4 e6 7. Nf3 Nge7 8. O-O
O-O 9. Be3 Nd4 10. Qd2 Rb8 11. Rae1 b5 12. Nd1 b4 13. Bf2 Qa5 14. Ne3 Ba6 15.
e5 Rfd8 16. Ng4 dxe5 17. fxe5 Qc7 18. Bxd4 cxd4 19. Nh6+ Bxh6 20. Qxh6 Nf5 21.
Qh3 h5 22. Ng5 Rb5 23. g4 hxg4 24. Qh7+ Kf8 25. Ra1 Bc8 1-0